Electronics devices & circuits-I : (Record no. 23409)
[ view plain ]
| 000 -LEADER | |
|---|---|
| fixed length control field | 00973nam a22002895a 4500 |
| 005 - DATE AND TIME OF LATEST TRANSACTION | |
| control field | 20161201113950.0 |
| 008 - FIXED-LENGTH DATA ELEMENTS--GENERAL INFORMATION | |
| fixed length control field | 161201r20142005ii a frd 001 0 eng d |
| 020 ## - INTERNATIONAL STANDARD BOOK NUMBER | |
| International Standard Book Number | 9789350144541 |
| 040 ## - CATALOGING SOURCE | |
| Original cataloging agency | EG-ScBUE |
| Language of cataloging | eng |
| Transcribing agency | EG-ScBUE |
| Modifying agency | EG-ScBUE |
| 082 04 - DEWEY DECIMAL CLASSIFICATION NUMBER | |
| Edition number | 22 |
| Classification number | 621.3815 |
| Item number | ANA |
| 100 1# - MAIN ENTRY--PERSONAL NAME | |
| Personal name | Anand, M. L. |
| 245 10 - TITLE STATEMENT | |
| Title | Electronics devices & circuits-I : |
| Remainder of title | (basic electronics) / |
| Statement of responsibility, etc | by M. L. Anand. |
| 246 3# - VARYING FORM OF TITLE | |
| Title proper/short title | Electronics devices and circuits-I |
| 250 ## - EDITION STATEMENT | |
| Edition statement | 2nd ed., Reprint ed. |
| 260 ## - PUBLICATION, DISTRIBUTION, ETC. (IMPRINT) | |
| Place of publication, distribution, etc | New Delhi : |
| Name of publisher, distributor, etc | S. K. Kataria & Sons, |
| Date of publication, distribution, etc | 2014. |
| 300 ## - PHYSICAL DESCRIPTION | |
| Extent | v. 1 (387 p.) : |
| Other physical details | ill. ; |
| Dimensions | 24 cm. |
| 500 ## - GENERAL NOTE | |
| General note | Index : p. 385-387. |
| 500 ## - GENERAL NOTE | |
| General note | Reprinted of 2005 ed. |
| 500 ## - GENERAL NOTE | |
| General note | Includes glossary. |
| 521 ## - TARGET AUDIENCE NOTE | |
| Target audience note | for ece, comp. and electrical engg. student. |
| 650 #7 - SUBJECT ADDED ENTRY--TOPICAL TERM | |
| Source of heading or term | BUEsh |
| 9 (RLIN) | 11507 |
| Topical term or geographic name as entry element | Electronic apparatus and appliances. |
| 650 #7 - SUBJECT ADDED ENTRY--TOPICAL TERM | |
| 9 (RLIN) | 6945 |
| Topical term or geographic name as entry element | Electronic circuits. |
| Source of heading or term | BUEsh |
| 650 #7 - SUBJECT ADDED ENTRY--TOPICAL TERM | |
| 9 (RLIN) | 6509 |
| Topical term or geographic name as entry element | Electronics. |
| Source of heading or term | BUEsh |
| 651 ## - SUBJECT ADDED ENTRY--GEOGRAPHIC NAME | |
| Source of heading or term | BUEsh |
| 653 ## - INDEX TERM--UNCONTROLLED | |
| Resource For college | Engineering, Electrical |
| Arrived date list | December2016 |
| 942 ## - ADDED ENTRY ELEMENTS (KOHA) | |
| Source of classification or shelving scheme | Dewey Decimal Classification |
| Withdrawn status | Item status | Source of classification or shelving scheme | Damaged status | Not for loan | Vendor | Home library | Current library | Shelving location | Date acquired | Source of acquisition | Cost, normal purchase price | Serial Enumeration / chronology | Total Checkouts | Full call number | Barcode | Date last seen | Cost, replacement price | Koha item type |
|---|---|---|---|---|---|---|---|---|---|---|---|---|---|---|---|---|---|---|
| Dewey Decimal Classification | Baccah | Central Library | Central Library | First floor | 01/12/2016 | Purchase | 527.00 | 3653 | 621.3815 ANA | 000040171 | 15/07/2025 | 659.00 | Book - Borrowing |